MARC

LEADER 00000nkm0a2200000 4500
001 678159
005 20251218114658.0
090 |a 678159 
100 |a 20250116d1979 m||y0rusy5003 ca 
101 0 |a rus 
102 |a RU 
105 |a ac z 000yb 
181 0 |a b   |b  ba  
181 0 |a i   |b  e  
182 0 |a n 
183 0 |a nc  |2 RDAcarrier 
200 1 |a Александр Шилов: живопись, графика  |e альбом репродукций  |f А. М. Шилов  |g автор вступ. ст. А. Д. Алехин 
203 |a Текст  |a Изображение  |b визуальный  |c непосредственный 
210 |a Москва  |c Изобразительное искусство  |d 1979 
215 |a 112 с.  |c ил. 
283 |a volume  |2 RDAcarrier 
600 1 |a Шилов  |b А. М.  |g Александр Максович  |c российский живописец  |f 1943-  |2 stltpush  |3 (RuTPU)RU\TPU\pers\12356 
606 1 |a Жанровая живопись  |2 stltpush  |3 (RuTPU)RU\TPU\subj\10321  |9 37408 
610 1 |a русская советская живопись 
610 1 |a русская советская графика 
610 1 |a искусство 
610 1 |a Россия 
610 1 |a 20 век 
610 1 |a альбомы 
675 |a 75.041(084)  |v 4 
700 1 |a Шилов  |b А. М.  |g Александр Максович 
702 1 |a Алехин  |b А. Д.  |g Александр Данилович  |4 080 
801 0 |a RU  |b 63413507  |c 20250116  |g psbo 
830 |a Ретро2025Каталогизация Шило 
942 |c BK